000 00488nam a2200169 i 4500
001 bg
245 0 _aĆwiczenia laboratoryjne z chemii nieorganicznej i analitycznej /
_cpod red. Tadeusza Palewskiego, Jana Starosty.
250 _aWyd.2 popr.
260 _aWrocław,
_c1977.
700 1 _aPalewski, Tadeusz.
_eRed.
700 1 _aStarosta, Jana.
_eRed.
040 _cBPK
041 _apol
080 _a546+543](075.8)(076)
942 _cKS
008 s pl f |000 0 pol
999 _c17646
_d17646
856 _uhttp://koha.tu.koszalin.pl/cgi-bin/koha/opac-detail.pl?biblionumber=17646
_yKatalog online BPK